000
00264nam a2200097Ia 4500
008
230915s9999 xx 000 0 und d
050
_a
HF5718.B87.C.1
100
_a
LINDA P.DRISKILL
245
0
_a
BUSINESS AND MANAGERIAL COMMUNICATION: NEW PERSPECTIVES
942
_c
BK
999
_c
85956
_d
85956